Recent advances in histopathology 22

Bibliographic Details
Main Authors: Pignatelli, Massimo (Author), Underwood, J. C. E. [ (James Cressee Elphinstone)] (Author)
Format: Book
Language:English
Published: London, UK : Royal Society of Medicine , 2007
Subjects:

MARC

LEADER 00000cam a2200000 7i4500
001 0000065327
005 20191001093000.0
008 100106s2007 uik eng
020 |a 1853155985 (pbk.) 
020 |a 9781853156496 (pbk.) 
050 0 0 |a RB25   |b .R43 2007 
060 1 0 |a QS 509   |b R429 2007 
090 0 0 |a QS 509   |b R429 2007 
245 0 0 |a Recent advances in histopathology 22   |c edited by Massimo Pignatelli, James C.E. Underwood 
260 |a London, UK :   |b Royal Society of Medicine ,   |c 2007 
300 |a viii, 223 p. :   |b col. ill. ;   |c 24 cm. 
504 |a Includes bibliographical references and index 
650 0 |a Histology, Pathological 
650 1 2 |a Histology 
650 2 2 |a Pathology 
700 1 |a Pignatelli, Massimo ,   |e author 
700 1 |a Underwood, J. C. E. [  |q (James Cressee Elphinstone)] ,   |e author 
999 |a 1000130936   |b Book   |c OPEN SHELF (30 DAYS)   |e Medical Campus 
999 |a 1000130937   |b Book   |c OPEN SHELF (30 DAYS)   |e Medical Campus